| 000 | 00358nam a22001337a 4500 | ||
|---|---|---|---|
| 005 | 20250901165816.0 | ||
| 008 | 250328b |||||||| |||| 00| 0 eng d | ||
| 020 | _a9789966440334 | ||
| 050 | _aPR 9399.3 .N45 2008 | ||
| 245 |
_a3 plays _bThis Time Tomorrow _cNgugi wa Thiong'o |
||
| 260 |
_aNairobi: _bKLB, _cc2008. |
||
| 300 |
_avi, 56p. : _c18 cm. |
||
| 942 | _2lcc | ||
| 999 |
_c9498 _d9498 |
||